| 000 | 00493nam a2200181Ia 4500 | ||
|---|---|---|---|
| 008 | 230917s9999||||xx |||||||||||||| ||und|| | ||
| 020 | _cRS1195 | ||
| 040 |
_e234989 _aMAIN |
||
| 041 | _aEnglish | ||
| 082 | _a547.2 F955O(3) | ||
| 100 | _aFuhrhop, Jurgen-Hinrich | ||
| 245 | 0 | _aOrganic synthesis: Concepts and methods | |
| 250 | _a3rd ed. | ||
| 260 |
_aNew Delhi _bWiley India _c2014 |
||
| 300 | _axvi, 517 p. | ||
| 500 | _a2398 05/10/2016 HBD16/6684 06/10/2016 Main Budget | ||
| 942 | _cBK | ||
| 999 |
_c19342 _d19342 |
||